Ozan Sağdıç (Record no. 3287)

MARC details
000 -BAŞLIK
Sabit Uzunlukta Kontrol Alanı 00670na a2200229 4500
001 - KONTROL NUMARASI
Denetim Alanı 17484
003 - KONTROL NUMARASI IDENTIFIER
Denetim Alanı MIRAKIL
005 - SON İŞLEM TARİHİ VE ZAMANI
Denetim Alanı 20181213154926.0
008 - SABİT-BOY VERİ ELEMANLARI - GENEL BİLGİLER
Sabit Uzunlukta Kontrol Alanı 161025b tu 000 0
020 ## - ULUSLARARASI STANDART KİTAP NUMARASI
Uluslararası Standart Kitap Numarası 9786056166525
040 ## - KATALOGLAMA KAYNAK
Orijinal Kataloglama Ajansı Milas
Kataloglama Dili tur
Metne Dönüştürmek Ajansı TR-AnCHP
041 ## - DİL KODU
Metin / Ses Parça Veya Ayrı Başlığın Dil Kodu tur
-- eng
082 ## - DEWEY ONLU SINIFLANDIRMA NUMARASI
Sınıflandırma Numarası 770.9 Sağdıç,O.
Ürün Numarası S23o 2012
090 ## - SINIFLAMA NUMARASI
Sınıflama Numarası 770.9 Sağdıç,O. S23o 2012
100 ## - ANA GİRİŞ - KİŞİSEL İSİM
Kişisel Ad Sağdıç, Ozan
245 ## - BAŞLIK TABLOSU
Başlık Ozan Sağdıç
Sorumluluk Tablosu, Vb Ozan Sağdıç
260 ## - YAYIN, DAĞITIM, VB
Yayın, Dağıtım, Vb Yeri İstanbul
Yayıncı, Dağıtıcı, Vs Adı Dr.Nejat Eczacıbaşı Vakfı yayınları
Yayın, Dağıtım, Vb Tarihi 2012
300 ## - FİZİKSEL TANIM
Kapsam 271 s.
Diğer Fiziksel Ayrıntıları fotg.
Boyutlar 25 sm.
490 ## - SERİSİ TABLOSU
Seri Beyanı Fotoğraf Sanatçıları Dizisi
Hacim / Ardışık Tanımı 3
600 ## - KONU KATMA GİRİŞ - KURUMSAL ADI
Kişisel Ad Sağdıç, Ozan
Genel Alt Bölümü Fotoğraflar
942 ## - EKLENDİ GİRİŞ ELEMANLARI (KOHA)
Sınıflandırma Veya Raf Düzeni Kaynak Dewey Decimal Classification
Koha Öğesi Türü Books
999 ## - SİSTEM KONTROL NUMARALARI (KOHA)
Koha Biblionumber 3287
Koha Biblioitemnumber 3287
Holdings
Kalıcı Konum Mevcut Konum Edinme Tarihi Edinim Kaynak Toplam Check-Out'Lar Tam Çağrı Numarası Barkod Tarih Son Görülme İtibaren Geçerli Fiyatlar Koha Öğesi Türü
CHP Kütüphanesi CHP Kütüphanesi 10/25/2016 Bağış   770.9 Sağdıç,O. S23o 2012 007180 10/25/2016 10/25/2016 Books